MDQL
is popping MORE tags! Check the
thread
!
Quizzes
Events
Quiz Creation
Community
Videos
Private Events
Remove Ads
Sign In
Join for FREE
Feedback
Dark Mode
Quiz Categories
Sports
Geography
Music
Movies
Television
Just For Fun
Miscellaneous
History
Literature
Language
Science
Gaming
Entertainment
Religion
Holiday
For Kids
Quiz Lab
Recent
Popular Today
Quiz Kudos Today
Editor Picks
Curator Picks
Quizzes by...
Day
Popularity
Type
Ratings
Length
Year
Community
Subscriptions
Recent Discussions
Orange Saloon
Badges
Playlists
Quests
Create
Leaderboards
Showdown
Live 5
Trivia Bingo
Activity
Puzzle Library
Sporcle Events
Private Events
Virtual Trivia
Globe League
Become a Host
Pub Owners
SporcleCon
Opinionation
Our Games
Videos
Blog
Mobile Apps
Partnerships
Remove Ads and Go Orange
Feedback
Sports
Athletes
MLB
NBA
NHL
NFL
Soccer
Sports Teams
WWE
NCAA
Football
Premier League
Basketball
Baseball
Hockey
Golf
Tennis
Cricket
Rugby
Auto Racing
Olympics
World Cup
Sports
Athletes
MLB
NBA
NHL
NFL
Soccer
Sports Teams
WWE
NCAA
Football
Premier League
Basketball
Baseball
Hockey
Golf
Tennis
Cricket
Rugby
Auto Racing
Olympics
World Cup
Random Quiz
Search Sporcle
×
Quiz Lab
Quiz Lab
Sports
Football
Type in answers that appear in a list
Type in answers that appear in a list
Classic
Best Score? Go Orange.
2014 Football World Cup Team Nicknames Stats
Everyone knows the French team are 'Les Bleus'.. but can you name the rest?
By
bawbag
8m
32 Questions
747 Plays
747 Plays
747 Plays
Comments
Comments
Give Quiz Kudos
Give Quiz Kudos
-
- Ratings
hide this ad
Replay
Link that replays current quiz
Next Quiz
Link to next quiz in quiz playlist
You Got
0%
They Got
Avg Score
22%
Avg Friend Score
Upgrade to see
Score Distribution
Jump to the score distribution portion of the page
Score
0/32
Timer
08:00
0
Plays Today
Country
Football Team Nickname
% Correct
France
Les Bleus
70.3%
England
The Three Lions
61.4%
Chile
La Roja
51.4%
Cote d'Ivoire
The Elephants
43.8%
Netherlands
Oranje
41.5%
Australia
The Socceroos
36.1%
Portugal
Seleção das Quinas
35.5%
Ghana
Black Stars
33.2%
Brazil
Auriverdes
33.1%
Belgium
Les Diables Rouges, Rode Duivels
32.4%
Italy
Azzurri
28%
Germany
Nationalelf
24.8%
Algeria
Fennec Foxes
22.2%
Nigeria
Super Eagles
19.9%
Mexico
La Plaga Negra
18.7%
USA
Stars & Stripes
16.2%
Country
Football Team Nickname
% Correct
Spain
La Furia Roja
14.3%
Costa Rica
La Sele
13.5%
Uruguay
La Celeste
12.6%
Switzerland
Nati
12.4%
Honduras
Los Catrachos
12.3%
Camaroon
Indomitable Lions
10.4%
South Korea
Reds
10.4%
Argentina
La Albiceleste
9.4%
Japan
The Blue Samurai
8.3%
Bosnia and Herzegovnia
Zmajevi
7.9%
Croatia
Vatreni
7.1%
Ecuador
Amarillos
6.4%
Colombia
Los Cafeteros
6%
Iran
Team Melli
4.7%
Russia
Sbornaya
4.3%
Greece
Το Πειρατικό (To Piratiko)
0.1%
Quiz Playlist
Details
Report
Send in Message
Add To Playlist
Classic:
Type in answers that appear in a list
Last Updated: Feb 16, 2017
Quiz Scoreboard
CHALLENGE
Sign Up to Join the Scoreboard
Show All
Scores
Hide
Comments
May contain spoilers
Recently Published
1-10 Letter E Words III
by El_Dandy
Language
2m
Street Fighter Characters
by Artimus82
Gaming
60s
College Basketball Coaching Resumes
by pancakes188
Sports
9m
More to Explore
Quiz From the Vault
Featured Blog Post
Where Did the Easter Bunny Come From?
hide this ad
You Might Also Like...
Tags
Football Quiz
Soccer Quiz
A-League
Champions League
Euroleague
Euroleague Final
FIFA
Football Champions
Football Championships
Football Clubs
team
World Cup 2014
Today's Top Quizzes in Sports
Browse Sports
hide this ad
Today's Top Quizzes in Football
Browse Football
Top Contributed Quizzes in Sports
1
2022 World Cup Stars
2
Les meilleurs buteurs des matchs entre le PSG et l’OM
3
FIFA Club World Cup Champions
4
Les entraîneurs de l'OM et du PSG au 21e siècle
5
Criteria MLB: Left Handed Sluggers
6
2023 MLB Unique Player Accomplishments
7
AFC Teams Reveal (Wrong Answers Minefield)
8
Players with Multiple 50 Home Run Seasons
9
5-to-1: FBS Animal Nicknames
10
5-to-1: UK Sports Teams
Explore More
Trending Topics
Anime
NBA
Disney
Crossword
Kpop
Marvel
Harry Potter
Puzzle
Song
Country
Pokémon
The Office
WWE
NFL
Soccer
hide this ad
More By:
bawbag
Quiz
Plays
Rating
Category
Featured
Created
Brazilian Championship Football Clubs By Shirt - 2014
838
3.75
Sports
Jul 29, 2014
2014 Football World Cup Team Nicknames
747
1.86
Sports
Mar 6, 2014
2018 Football World Cup Team Nicknames
280
5.00
Sports
May 25, 2018
Go to Creator's Profile
Score Distribution
Quiz Creator Spotlight
bawbag
Follow
Send a Message
Quizzes Created
-
Created Quiz Play Count
-
More By This Creator
Popular Quizzes Today
1
Find the US States - No Outlines Minefield
2
Find the Countries of Europe - No Outlines Minefield
3
The Countries of the World
4
Find the US States
5
Risky Map Clicking: Biggest States A-Z
6
US States
7
Popular People in 1961
8
Movies - When Are They Set?
More Sports Quizzes
World Cup, Champions League, Ballon D' or
Quiz Lab
Trending Quizzes
Risky Map Clicking: Least Populous States A-Z
Billboard Blitz: Aretha Franklin
Famous Russians: Author or Composer?
Countries of the World: 200 Million BC
1-10 Letter G Words
Recently Updated
Leaping Animals
pecheneg
Reality TV Shows (A-Z)
bhenderson79
Rickey Henderson's Hall of Fame Teammates
pecheneg
Champions League XIs: Arsenal
pecheneg
Quick Pick: Celebrities in WWE's Hall of Fame
aduchscher
A-Z Keypad Blitz II
pecheneg
Multiple Oscar Actors
pecheneg
Mystery Phrase Blitz: Oscar 'Best Actors'
pecheneg
F. Scott Fitzgerald Novels
LTH
Pick 3 Villains
ddd62291
Trending Topics
Disney
NBA
Harry Potter
Marvel
Kpop
Anime
Crossword
NFL
Song
The Office
Soccer
Pokémon
Puzzle
Country
WWE
Your Account Isn't Verified!
In order to create a playlist on Sporcle, you need to verify the email address you used during registration. Go to your
Sporcle Settings
to finish the process.
Report this User
Report this user for behavior that violates our
Community Guidelines
.
Details:
Send Report
Go to the Sporcle.com Mobile Site →
Comments